Deux pays les plus peuplés par région #3 - Statistiques

Statistiques générales
  • Ce quiz a été pris 40 fois
  • Le résultat moyen est 14 sur 16
Statistiques - réponses
Hint Réponse % Correct
Maghreb 1 Algérie
95%
Maghreb 2 Maroc
95%
Europe centrale 2 Pologne
95%
Europe centrale 1 Allemagne
92%
Asie du Nord-Est 1 Japon
92%
Indochine 2 Thaïlande
92%
Asie du Nord-Est 2 Corée du Sud
90%
Indochine 1 Vietnam
90%
Cordillère des Andes 1 Colombie
87%
Cordillère des Andes 2 Pérou
87%
Sahel 2 Mali
85%
Sahel 1 Niger
85%
Balkans 2 Grèce
82%
Balkans 1 Roumanie
82%
Îles de l'Océan Indien 1 Madagascar
77%
Îles de l'Océan Indien 2 Sri Lanka
72%
Aucun quiz correspondant
Distribution des résultats
% des personnes avec chaque résultat
Percentile par nombre de réponses
Votre historique - résultats
Vous n’avez pas pris ce quiz